[Event "Grozny Kadyrov Memorial rapid"]
[Site "Grozny"]
[Date "2019.06.09"]
[Round "5"]
[White "Smirnov, Pavel"]
[Black "Bimiev, Ahmad"]
[Result "1/2-1/2"]
[WhiteElo "2574"]
[BlackElo "2238"]
[PlyCount "100"]
[EventDate "2019.06.09"]
[EventType "swiss (rapid)"]
[EventRounds "11"]
[EventCountry "RUS"]
[SourceTitle "CBM 190 Extra"]
[Source "ChessBase"]
[SourceDate "2019.07.15"]
[SourceVersion "1"]
[SourceVersionDate "2019.07.15"]
[SourceQuality "1"]

1. d4 Nf6 2. c4 g6 3. g3 Bg7 4. Bg2 0-0 5. Nc3 d6 6. Nf3 Nc6 7. 0-0 e5 8. dxe5 dxe5 9. Bg5 Be6 10. Nd5 Bxd5 11. Bxf6 Qxf6 12. cxd5 Rfd8 13. Rc1 Bh6 14. Rc4 Ne7 15. e4 c6 16. Qb3 cxd5 17. exd5 Nxd5 18. Qxb7 Rab8 19. Qxa7 Rxb2 20. Re4 Nc3 21. Rxe5 Ne2+ 22. Kh1 Nd4 23. Nxd4 Qxe5 24. Nc6 Qd6 25. Nxd8 Qxd8 26. a4 Bg7 27. Qe3 Bd4 28. Qf4 Qf6 29. Qxf6 Bxf6 30. Bc6 Bd4 31. Kg2 Ra2 32. Kf3 Kg7 33. h4 h5 34. Rb1 Rxf2+ 35. Ke4 Bc3 36. Rb7 Rf6 37. Bd5 Be1 38. Rb3 Ra6 39. Ra3 Bxg3 40. Rxg3 Rxa4+ 41. Ke5 Rxh4 42. Rf3 f5 43. Ra3 Rb4 44. Ra8 Rb6 45. Kf4 Rb4+ 46. Ke5 Rb6 47. Kf4 Rb4+ 48. Ke5 h4 49. Rg8+ Kh7 50. Bf7 Rb6 1/2-1/2

[Event "Sochi Archibald op 1st"]
[Site "Sochi"]
[Date "2019.05.17"]
[Round "7"]
[White "Makoveev, Ilya"]
[Black "Bimiev, Ahmad"]
[Result "1-0"]
[WhiteElo "2290"]
[BlackElo "2196"]
[PlyCount "65"]
[EventDate "2019.05.12"]
[EventType "swiss"]
[EventRounds "9"]
[EventCountry "RUS"]
[SourceTitle "CBM 190 Extra"]
[Source "ChessBase"]
[SourceDate "2019.07.15"]
[SourceVersion "1"]
[SourceVersionDate "2019.07.15"]
[SourceQuality "1"]

1. e4 c5 2. Nf3 Nc6 3. d4 cxd4 4. Nxd4 Nf6 5. Nc3 e5 6. Ndb5 d6 7. Bg5 a6 8. Na3 b5 9. Bxf6 gxf6 10. Nd5 Be7 11. g3 h5 12. Bg2 Be6 13. c3 h4 14. Nc2 Bf8 15. Nce3 Ra7 16. a4 b4 17. Qf3 Bg7 18. Rd1 hxg3 19. fxg3 bxc3 20. bxc3 Rh6 21. 0-0 Qa5 22. Ng4 Rg6 23. Ngxf6+ Kf8 24. Qh5 Rh6 25. Qg5 Rg6 26. Qh4 Rh6 27. Nh5 Qxa4 28. Qg5 Rh7 29. Qg6 Qxd1 30. Qxh7 Qg4 31. Bh3 Qxh3 32. Qxg7+ Ke8 33. Nhf6+ 1-0